Serbia country quiz - Statistics

General Stats
  • This quiz has been taken 10 times
  • The average score is 11 of 15
Answer Stats
Hint Answer % Correct
The capital city is ________. Belgrade
100%
The coat of arms is a double headed _____ Eagle
100%
Southern region which proclaimed its independance in 2008. Kosovo
100%
Up until 1878, Serbia was under the rule of which empire? Ottoman
100%
Up until 2006, Serbia was in a union with this neighboring country. Montenegro
89%
Greatest Serbian inventor in history. Nikola Tesla
89%
This, now dissolved, country consisted of 6 republics, including Serbia. Yugoslavia
89%
Still active 3x NBA MVP and champion who was born in Sombor, Serbia. Nikola Jokic
78%
The penninsula on which Serbia is located. The Balkan Penninsula
78%
Serbia's eastern neighbor, against whom they fought in the second Balkan war. Bulgaria
67%
81% of the population identifies as belonging to this Christian denomination. Eastern Orthodox
67%
Corrupt politician who has been in power since 2012. Aleksandar Vucic
44%
Which word for a fictional creature is the only word in the English language derived from Serbian? Vampire
44%
The most expensive cheese in the world is made here, from ______ milk. Donkey
22%
This Serbian dish was voted the 2nd best breakfast food in the world. Komplet lepinja
22%
No matching quizzes found
Score Distribution
Percent of People with Each Score
Percentile by Number Answered
Your Score History
You have not taken this quiz